Statistics for World's Laziest Countries

Click here to take the quiz!

General Stats

  • This quiz has been taken 430 times
  • The average score is 5 of 20

Answer Stats

RegionCountryInactive population% Correct
EuropeUnited Kingdom63.3%
70%
EuropeItaly54.7%
55%
EuropeIreland53.2%
41%
AsiaJapan60.2%
36%
AsiaSaudi Arabia68.8%
33%
AsiaTurkey56.0%
27%
AsiaIraq58.4%
26%
AfricaSouth Africa52.4%
24%
EuropeMalta71.9%
23%
AsiaKuwait64.5%
21%
AsiaMalaysia61.4%
17%
EuropeSerbia68.3%
17%
AsiaCyprus55.4%
16%
AmericaArgentina68.3%
15%
AsiaBhutan52.3%
14%
OceaniaFederated States of Micronesia66.3%
13%
AmericaDominican Republic60.0%
5%
AfricaNamibia58.5%
5%
AfricaSwaziland69.0%
5%
AsiaUnited Arab Emirates62.5%
3%

Score Distribution

Percentile by Number Answered

Percent of People with Each Score

Your Score History

You have not taken this quiz